[Event "DEM U18 2011"]
[Site "Oberhof GER"]
[Date "2011.06.12"]
[Round "1"]
[White "Kotainy, Jens"]
[Black "Bluma, Marcel"]
[Result "1-0"]
[Termination "normal"]
[Board "1"]
[WhiteTitle "FM"]
[WhiteElo "2415"]
[BlackElo "2099"]
[PlyCount "65"]
[WhiteFideId "24670499"]
[BlackFideId "1270526"]
[EventCountry "GER"]
[EventRounds "9"]
[EventType "swiss"]
[EventDate "2011.06.11"]

1. e4 e5 2. Nf3 Nc6 3. Bc4 Bc5 4. d4 Bxd4 5. O-O Nf6 6. Nxd4 Nxd4 7. f4 d6 8.
fxe5 dxe5 9. Bg5 Be6 10. Na3 Bxc4 11. Nxc4 Qe7 12. Bxf6 gxf6 13. c3 Qc5 14.
cxd4 Qxc4 15. dxe5 fxe5 16. Rc1 Qe6 17. Qh5 O-O-O 18. Rxf7 Qb6+ 19. Kh1 Qxb2
20. Rcxc7+ Kb8 21. Rxb7+ Qxb7 22. Rxb7+ Kxb7 23. h3 Rde8 24. Qf7+ Kb8 25. g4 h5
26. g5 Rd8 27. Qb3+ Ka8 28. g6 Rd7 29. Qe6 Rd1+ 30. Kg2 Rhd8 31. g7 h4 32. g8=Q
R1d2+ 33. Kh1 1-0

[Event "DEM U18 2011"]
[Site "Oberhof GER"]
[Date "2011.06.12"]
[Round "1"]
[White "Müller, Tobias"]
[Black "Svane, Rasmus"]
[Result "0-1"]
[Termination "normal"]
[Board "2"]
[WhiteElo "2118"]
[BlackElo "2297"]
[PlyCount "70"]
[WhiteFideId "24643394"]
[BlackFideId "4657101"]
[EventCountry "GER"]
[EventRounds "9"]
[EventType "swiss"]
[EventDate "2011.06.11"]

1. c4 e6 2. g3 d5 3. Bg2 Nf6 4. Nf3 Be7 5. O-O O-O 6. b3 c5 7. e3 Nc6 8. Bb2 d4
9. exd4 cxd4 10. Re1 Ne8 11. d3 f6 12. Na3 e5 13. Nc2 Nc7 14. a3 a5 15. Qd2 Na6
16. Qe2 Nc5 17. b4 Nb3 18. Rab1 axb4 19. axb4 Nxb4 20. Ncxd4 exd4 21. Qxe7 Nxd3
22. Qxd8 Rxd8 23. Red1 Nxb2 24. Rxb2 Nc5 25. Rb5 Ne4 26. Rd5 Rxd5 27. cxd5 Nc3
28. Re1 d3 29. Bf1 Bg4 30. Nd2 Ra2 31. d6 Rxd2 32. Re8+ Kf7 33. Re7+ Kf8 34. h3
Rd1 35. hxg4 d2 0-1

[Event "DEM U18 2011"]
[Site "Oberhof GER"]
[Date "2011.06.12"]
[Round "1"]
[White "Blübaum, Matthias"]
[Black "Frank, Christian"]
[Result "1-0"]
[Termination "normal"]
[Board "3"]
[WhiteTitle "FM"]
[WhiteElo "2300"]
[BlackElo "2043"]
[PlyCount "77"]
[WhiteFideId "24651516"]
[BlackFideId "24658324"]
[EventCountry "GER"]
[EventRounds "9"]
[EventType "swiss"]
[EventDate "2011.06.11"]

1. d4 Nf6 2. c4 e6 3. Nc3 Bb4 4. f3 d5 5. a3 Bxc3+ 6. bxc3 c5 7. cxd5 Nxd5 8.
dxc5 Qa5 9. e4 Ne7 10. Be3 O-O 11. Qb3 Qc7 12. Bb5 Nec6 13. Ne2 Na5 14. Qb4
Nbc6 15. Qa4 e5 16. O-O Be6 17. Rab1 Rfb8 18. Bf2 b6 19. Rfd1 Nd8 20. cxb6 axb6
21. Qb4 Ndb7 22. h3 Nc5 23. Ng3 g6 24. Nf1 Nc4 25. a4 Nd6 26. Ra1 Ra5 27. c4
Rba8 28. Ne3 Nxb5 29. cxb5 Rxa4 30. Rxa4 Rxa4 31. Qc3 Qb8 32. Nd5 Nd7 33. Bg3
f6 34. Nxf6+ Nxf6 35. Bxe5 Qf8 36. Bxf6 Rc4 37. Qa1 Qc5+ 38. Kh2 Qxb5 39. Bh8
1-0

[Event "DEM U18 2011"]
[Site "Oberhof GER"]
[Date "2011.06.12"]
[Round "1"]
[White "Hahn, Markus"]
[Black "Donchenko, Alexander"]
[Result "0-1"]
[Termination "normal"]
[Board "6"]
[WhiteElo "2108"]
[BlackElo "2239"]
[PlyCount "64"]
[WhiteFideId "24654647"]
[BlackFideId "24603295"]
[EventCountry "GER"]
[EventRounds "9"]
[EventType "swiss"]
[EventDate "2011.06.11"]

1. d4 d5 2. c4 dxc4 3. Nf3 a6 4. e3 Nf6 5. Bxc4 e6 6. O-O c5 7. Bb3 Nc6 8. Nc3
Qc7 9. Qe2 Bd6 10. Bd2 O-O 11. Rac1 Qe7 12. Rfd1 Bd7 13. Na4 cxd4 14. exd4 Rfd8
15. Nb6 Rab8 16. Bg5 h6 17. Be3 Nb4 18. Ne5 Be8 19. Qf3 Bc7 20. Na4 Nbd5 21.
Nc5 Rdc8 22. Ncd3 Bb5 23. Nf4 Nxe3 24. Qxe3 Be8 25. h3 Rd8 26. Qc3 Rbc8 27. Qf3
Bb6 28. Rxc8 Rxc8 29. Ng4 Nxg4 30. Qxg4 Rd8 31. d5 e5 32. Ng6 Qf6 0-1

[Event "DEM U18 2011"]
[Site "Oberhof GER"]
[Date "2011.06.12"]
[Round "1"]
[White "Grünter, Martin"]
[Black "Müller, Richard"]
[Result "1-0"]
[Termination "normal"]
[Board "7"]
[WhiteElo "2239"]
[BlackElo "2032"]
[PlyCount "65"]
[WhiteFideId "24640352"]
[BlackFideId "24647128"]
[EventCountry "GER"]
[EventRounds "9"]
[EventType "swiss"]
[EventDate "2011.06.11"]

1. e4 c5 2. c3 d5 3. exd5 Qxd5 4. d4 Nf6 5. Nf3 e6 6. Na3 Qd8 7. Nc2 Nbd7 8.
Bd3 Bd6 9. O-O O-O 10. Qe2 Qc7 11. Na3 Bf4 12. Nb5 Qb8 13. dxc5 Nxc5 14. Bc2 b6
15. Rd1 Ba6 16. a4 Nd5 17. Rd4 Rd8 18. Qe1 Bxb5 19. axb5 Qc7 20. c4 Bxc1 21.
Rxc1 Nf4 22. Qe3 Rxd4 23. Nxd4 e5 24. Nc6 f6 25. b4 Nce6 26. g3 Nh3+ 27. Kg2
Nhg5 28. h4 Nf7 29. Qe4 g6 30. Ne7+ Qxe7 31. Qxa8+ Kg7 32. Be4 Nh6 33. Qb7 1-0

[Event "DEM U18 2011"]
[Site "Oberhof GER"]
[Date "2011.06.12"]
[Round "1"]
[White "Dünzel, Jonas"]
[Black "Günnigmann, Manuel"]
[Result "1/2-1/2"]
[Termination "normal"]
[Board "8"]
[WhiteElo "2091"]
[BlackElo "2205"]
[PlyCount "56"]
[WhiteFideId "24631167"]
[BlackFideId "24640360"]
[EventCountry "GER"]
[EventRounds "9"]
[EventType "swiss"]
[EventDate "2011.06.11"]

1. e4 c5 2. Nf3 Nc6 3. d4 cxd4 4. Nxd4 Nf6 5. Nc3 e5 6. Ndb5 d6 7. Bg5 a6 8.
Na3 b5 9. Nd5 Be7 10. Bxf6 Bxf6 11. c3 Ne7 12. Nxf6+ gxf6 13. Bd3 Bb7 14. Nc2
d5 15. Qe2 dxe4 16. Bxe4 Bxe4 17. Qxe4 Qd5 18. Qxd5 Nxd5 19. O-O-O O-O-O 20. g3
Kc7 21. Rhe1 a5 22. Ne3 Nxe3 23. Rxe3 Rxd1+ 24. Kxd1 Kd6 25. a4 bxa4 26. Re4 a3
27. bxa3 Kd5 28. Ra4 Ra8 1/2-1/2

[Event "DEM U18 2011"]
[Site "Oberhof GER"]
[Date "2011.06.12"]
[Round "1"]
[White "Kugler, Florian"]
[Black "Cremer, Jan Paul"]
[Result "1-0"]
[Termination "normal"]
[Board "9"]
[WhiteElo "2210"]
[BlackElo "2026"]
[PlyCount "63"]
[WhiteFideId "4633300"]
[BlackFideId "24686115"]
[EventCountry "GER"]
[EventRounds "9"]
[EventType "swiss"]
[EventDate "2011.06.11"]

1. d4 Nf6 2. Nf3 e6 3. g3 d5 4. c4 Be7 5. Bg2 O-O 6. b3 c5 7. cxd5 exd5 8. O-O
Nc6 9. Bb2 Bf5 10. Nc3 Rc8 11. Rc1 Be4 12. dxc5 Bxc5 13. Nxe4 Nxe4 14. Nd2 Nxf2
15. Rxf2 Qb6 16. Rxc5 Qxc5 17. Nf3 Rfe8 18. Nd4 Ne5 19. Bf3 Rc7 20. Qd2 g6 21.
Kg2 Rce7 22. Qg5 Nxf3 23. Kxf3 Re5 24. Qf6 Qe7 25. Qxe7 R5xe7 26. Rf1 Rc8 27.
Rd1 f6 28. Rd2 a6 29. Nc2 Rd7 30. Ne3 Rcd8 31. Ng4 Rf7 32. Nh6+ 1-0

[Event "DEM U18 2011"]
[Site "Oberhof GER"]
[Date "2011.06.12"]
[Round "1"]
[White "Wittke, Rene"]
[Black "Bräuer, Franz"]
[Result "0-1"]
[Termination "normal"]
[Board "10"]
[WhiteElo "2033"]
[BlackElo "2084"]
[PlyCount "64"]
[WhiteFideId "24640255"]
[BlackFideId "24634468"]
[EventCountry "GER"]
[EventRounds "9"]
[EventType "swiss"]
[EventDate "2011.06.11"]

1. e4 e5 2. Nf3 Nc6 3. d4 exd4 4. c3 dxc3 5. Bc4 Nf6 6. Nxc3 d6 7. Qb3 Qd7 8.
Ng5 Ne5 9. Bb5 c6 10. f4 Neg4 11. h3 Nh6 12. Bc4 d5 13. exd5 Bc5 14. Bd2 Qe7+
15. Kd1 O-O 16. Re1 Qd8 17. g4 b5 18. Bd3 cxd5 19. Qc2 Bb7 20. Nxh7 Nxh7 21.
Bxh7+ Kh8 22. g5 Ng8 23. Bd3 b4 24. Na4 Bd6 25. Nc5 Bc6 26. Be3 d4 27. Qe2 dxe3
28. Ne6 fxe6 29. Qh5+ Nh6 30. gxh6 g6 31. Qxg6 Bf3+ 32. Kc1 Qe7 0-1

[Event "DEM U18 2011"]
[Site "Oberhof GER"]
[Date "2011.06.12"]
[Round "1"]
[White "Kahleys, Kevin"]
[Black "Marx, Joschka"]
[Result "1/2-1/2"]
[Termination "normal"]
[Board "11"]
[WhiteElo "2148"]
[BlackElo "2035"]
[PlyCount "119"]
[WhiteFideId "24669601"]
[BlackFideId "24645869"]
[EventCountry "GER"]
[EventRounds "9"]
[EventType "swiss"]
[EventDate "2011.06.11"]

1. Nf3 Nf6 2. c4 g6 3. g3 Bg7 4. Bg2 O-O 5. O-O d6 6. d4 Nc6 7. Nc3 a6 8. Qd3
Nb4 9. Qd2 Rb8 10. a3 Nc6 11. b4 e5 12. d5 Ne7 13. e4 Ne8 14. Ne1 f5 15. Nd3
Nf6 16. Qe2 fxe4 17. Nxe4 Nxe4 18. Bxe4 Bh3 19. Re1 Nf5 20. Bb2 Qd7 21. f4 Nd4
22. Bxd4 exd4 23. Qc2 Rbe8 24. Rac1 Re7 25. Bg2 Bf5 26. Rxe7 Qxe7 27. Rd1 Qe3+
28. Qf2 Qxf2+ 29. Kxf2 Re8 30. Re1 Rxe1 31. Nxe1 Kf7 32. Ke2 Ke7 33. Nd3 Bxd3+
34. Kxd3 b6 35. Be4 Kf7 36. h4 Bf6 37. Kc2 h6 38. Kd3 Kg7 39. Bg2 Kf7 40. Bh3
Ke7 41. Bc8 a5 42. bxa5 bxa5 43. Bg4 Bg7 44. Bf3 h5 45. Be4 Kf7 46. a4 Bf6 47.
c5 dxc5 48. Kc4 Be7 49. Bd3 Kf6 50. Kb5 c4 51. Bxc4 Bb4 52. Kc6 Bd6 53. Bd3 Kf7
54. Kd7 Kf6 55. Kc6 Kf7 56. Kb7 Kf6 57. Be4 Kf7 58. Kc6 Kf6 59. Bc2 Kf7 60. Bd3
1/2-1/2

[Event "DEM U18 2011"]
[Site "Oberhof GER"]
[Date "2011.06.12"]
[Round "1"]
[White "Wendling, Florian"]
[Black "Wenninger, Philipp"]
[Result "0-1"]
[Termination "normal"]
[Board "12"]
[WhiteElo "1966"]
[BlackElo "2130"]
[PlyCount "152"]
[WhiteFideId "24640212"]
[BlackFideId "4648404"]
[EventCountry "GER"]
[EventRounds "9"]
[EventType "swiss"]
[EventDate "2011.06.11"]

1. e4 e5 2. Nf3 Nc6 3. Bc4 Bc5 4. c3 Nf6 5. d3 O-O 6. Bb3 d6 7. Qe2 Be6 8. Bc2
Nd7 9. b4 Bb6 10. a4 a6 11. O-O h6 12. Nbd2 f5 13. exf5 Bxf5 14. Bb3+ Kh8 15.
Bb2 Qe7 16. d4 exd4 17. Qxe7 Nxe7 18. cxd4 Nf6 19. Nc4 Ned5 20. Nxb6 Nxb6 21.
Rac1 Nbd5 22. Nh4 Bh7 23. f4 Rfe8 24. f5 Re2 25. Rf2 Rae8 26. Kf1 Rxf2+ 27.
Kxf2 Nxb4 28. Bc4 Nbd5 29. g3 Kg8 30. Rc2 Kf8 31. Bc1 a5 32. Bb3 Ke7 33. Kf3
Kd7 34. g4 c6 35. Bd2 b6 36. h3 Nb4 37. Rc1 Bg8 38. Bxg8 Rxg8 39. Ng6 Re8 40.
h4 Ne4 41. Bf4 Nd3 42. Rb1 Nxf4 43. Kxf4 Nc3 44. Rh1 b5 45. g5 Ne2+ 46. Kg4 h5+
47. Kh3 Nxd4 48. Rf1 b4 49. f6 gxf6 50. gxf6 Ne6 51. f7 Rb8 52. f8=Q Nxf8 53.
Nxf8+ Ke7 54. Ng6+ Ke6 55. Nf4+ Ke5 56. Nxh5 b3 57. Ng3 b2 58. Rb1 Kd4 59. Nf5+
Kd3 60. Nxd6 Kc2 61. Rxb2+ Kxb2 62. Nc4+ Kc3 63. Nxa5 c5 64. Nc6 Rb6 65. Ne5
Kd4 66. Nd7 Rb3+ 67. Kg4 c4 68. h5 Rb7 69. Nf8 c3 70. Ne6+ Ke5 71. Nc5 Rg7+ 72.
Kf3 Rc7 73. Nb3 c2 74. Nc1 Kd4 75. h6 Rb7 76. Ke2 Kc3 0-1

[Event "DEM U18 2011"]
[Site "Oberhof GER"]
[Date "2011.06.12"]
[Round "1"]
[White "Raum, Sebastian"]
[Black "Jäger, Tobias"]
[Result "1/2-1/2"]
[Termination "normal"]
[Board "13"]
[WhiteElo "2076"]
[BlackElo "2059"]
[PlyCount "125"]
[WhiteFideId "24673935"]
[BlackFideId "12902691"]
[EventCountry "GER"]
[EventRounds "9"]
[EventType "swiss"]
[EventDate "2011.06.11"]

1. e4 c5 2. Nf3 d6 3. d4 cxd4 4. Nxd4 Nf6 5. Nc3 a6 6. Be3 Ng4 7. Bc1 Nf6 8. f3
e6 9. Be3 b5 10. Qd2 Nbd7 11. a4 bxa4 12. Rxa4 Bb7 13. Be2 Be7 14. O-O O-O 15.
Rfa1 Qc8 16. Nb3 Rd8 17. Qe1 d5 18. exd5 Nxd5 19. Nxd5 Bxd5 20. c4 Bc6 21. R4a2
Rb8 22. Nd4 Bb4 23. Nxc6 Qxc6 24. Bd2 Bxd2 25. Qxd2 Nc5 26. Qc2 Nb3 27. Rd1 Nd4
28. Qd3 Nxe2+ 29. Qxe2 Rxd1+ 30. Qxd1 Qxc4 31. b3 Qxb3 32. Qxb3 Rxb3 33. Rxa6
g5 34. Kf2 Kg7 35. Kg3 Rb4 36. Ra5 Kg6 37. Re5 h5 38. h3 h4+ 39. Kf2 Rb2+ 40.
Kf1 Rd2 41. Re4 Kf5 42. Rg4 f6 43. Re4 e5 44. Rc4 Rd4 45. Rc6 Ra4 46. Rb6 Ra1+
47. Kf2 Ra2+ 48. Kf1 Kf4 49. Rxf6+ Kg3 50. Rf5 Rf2+ 51. Ke1 Rxg2 52. Rxg5+ Kxf3
53. Rxe5 Rg1+ 54. Kd2 Rh1 55. Re3+ Kg2 56. Ke2 Ra1 57. Rd3 Ra8 58. Re3 Rg8 59.
Ke1 Rg3 60. Re2+ Kg1 61. Re4 Rxh3 62. Rg4+ Rg3 63. Rxh4 1/2-1/2

[Event "DEM U18 2011"]
[Site "Oberhof GER"]
[Date "2011.06.12"]
[Round "1"]
[White "Gruber, Roland"]
[Black "Kartsev, Alexandr"]
[Result "0-1"]
[Termination "normal"]
[Board "14"]
[WhiteElo "1882"]
[BlackElo "2184"]
[PlyCount "92"]
[WhiteFideId "1270975"]
[BlackFideId "24647110"]
[EventCountry "GER"]
[EventRounds "9"]
[EventType "swiss"]
[EventDate "2011.06.11"]

1. d4 Nf6 2. Nf3 c5 3. e3 d5 4. c3 e6 5. Bd3 Nc6 6. O-O Be7 7. Nbd2 b6 8. dxc5
bxc5 9. e4 O-O 10. Re1 Qb6 11. c4 dxe4 12. Nxe4 Rd8 13. Qe2 Nb4 14. Bb1 Bb7 15.
Nfg5 Nxe4 16. Nxe4 Rd7 17. a3 Nc6 18. Be3 Nd4 19. Bxd4 Rxd4 20. Nc3 Rad8 21.
Rd1 Rxd1+ 22. Nxd1 Bf6 23. Bd3 Qc6 24. f3 Qd6 25. Nf2 Bd4 26. Rd1 g6 27. Kh1 f5
28. Nh3 e5 29. Qd2 e4 30. fxe4 fxe4 31. Be2 e3 32. Qe1 Rf8 33. Qh4 Qf6 34. Ng5
Qe7 35. Qg4 Bc8 36. Qg3 Bxb2 37. Nf3 Bxa3 38. Rd3 Bb2 39. Ne1 Bd4 40. Nf3 Bf5
41. Rd1 Rd8 42. Qf4 Qd6 43. Qh6 Qf8 44. Qf4 Bc2 45. Qxf8+ Kxf8 46. Rc1 Bf5 0-1

[Event "DEM U18 2011"]
[Site "Oberhof GER"]
[Date "2011.06.12"]
[Round "1"]
[White "Petermann, Michail"]
[Black "Theurich, Joel"]
[Result "1-0"]
[Termination "normal"]
[Board "15"]
[WhiteElo "2134"]
[BlackElo "1511"]
[PlyCount "45"]
[WhiteFideId "24643530"]
[BlackFideId "12930393"]
[EventCountry "GER"]
[EventRounds "9"]
[EventType "swiss"]
[EventDate "2011.06.11"]

1. e4 e5 2. Nf3 Nc6 3. d4 exd4 4. Bc4 Bc5 5. c3 d6 6. cxd4 Bb6 7. h3 h6 8. O-O
Nce7 9. Re1 Nf6 10. Nc3 O-O 11. Bb3 Ng6 12. Bc2 Bd7 13. e5 dxe5 14. dxe5 Ne8
15. e6 Bxe6 16. Qxd8 Rxd8 17. Bxg6 fxg6 18. Rxe6 Nf6 19. Be3 Ba5 20. Bc5 Rfe8
21. Rxe8+ Rxe8 22. Re1 Rd8 23. b4 1-0

[Event "DEM U18 2011"]
[Site "Oberhof GER"]
[Date "2011.06.12"]
[Round "2"]
[White "Bräuer, Franz"]
[Black "Kotainy, Jens"]
[Result "1-0"]
[Termination "normal"]
[Board "1"]
[BlackTitle "FM"]
[WhiteElo "2084"]
[BlackElo "2415"]
[PlyCount "69"]
[WhiteFideId "24634468"]
[BlackFideId "24670499"]
[EventCountry "GER"]
[EventRounds "9"]
[EventType "swiss"]
[EventDate "2011.06.11"]

1. Nf3 c5 2. c4 Nc6 3. g3 e5 4. Nc3 g6 5. Bg2 Bg7 6. O-O d6 7. a3 a5 8. d3 Nge7
9. Bd2 O-O 10. Ne1 Be6 11. Nc2 d5 12. cxd5 Nxd5 13. Nxd5 Bxd5 14. Bxd5 Qxd5 15.
Ne3 Qe6 16. Rc1 b6 17. Nc4 b5 18. Ne3 f5 19. Rxc5 f4 20. Nd5 Rad8 21. Rxc6 Qxd5
22. Qc2 fxg3 23. hxg3 e4 24. Bxa5 exd3 25. exd3 Rd7 26. Rc5 Qxd3 27. Qxd3 Rxd3
28. Rxb5 Bd4 29. Kg2 Rdf3 30. Bb6 Rxf2+ 31. Rxf2 Rxf2+ 32. Kh3 Bxb6 33. Rxb6
Kf7 34. a4 Ke7 35. a5 1-0

[Event "DEM U18 2011"]
[Site "Oberhof GER"]
[Date "2011.06.12"]
[Round "2"]
[White "Svane, Rasmus"]
[Black "Grünter, Martin"]
[Result "1-0"]
[Termination "normal"]
[Board "2"]
[WhiteElo "2297"]
[BlackElo "2239"]
[PlyCount "71"]
[WhiteFideId "4657101"]
[BlackFideId "24640352"]
[EventCountry "GER"]
[EventRounds "9"]
[EventType "swiss"]
[EventDate "2011.06.11"]

1. Nf3 c5 2. c4 Nf6 3. Nc3 e6 4. g3 b6 5. Bg2 Bb7 6. O-O Be7 7. Re1 d6 8. e4 a6
9. d4 cxd4 10. Nxd4 Qc7 11. Be3 O-O 12. Rc1 Re8 13. b3 Nbd7 14. f4 Bf8 15. Bf2
Rac8 16. g4 g6 17. Bf3 e5 18. Nc2 Nc5 19. f5 gxf5 20. gxf5 b5 21. Ne3 bxc4 22.
Nxc4 Red8 23. Bh4 Be7 24. Ne3 Qb8 25. Bxf6 Bxf6 26. Ncd5 Bg5 27. Rc2 Kh8 28.
Rg2 Rg8 29. Nc4 Rcd8 30. Kh1 Bc6 31. Reg1 h6 32. Rg4 Rde8 33. h4 Bd8 34. Qd2
Kh7 35. f6 Bxd5 36. Rg7+ 1-0

[Event "DEM U18 2011"]
[Site "Oberhof GER"]
[Date "2011.06.12"]
[Round "2"]
[White "Wenninger, Philipp"]
[Black "Blübaum, Matthias"]
[Result "0-1"]
[Termination "normal"]
[Board "3"]
[BlackTitle "FM"]
[WhiteElo "2130"]
[BlackElo "2300"]
[PlyCount "72"]
[WhiteFideId "4648404"]
[BlackFideId "24651516"]
[EventCountry "GER"]
[EventRounds "9"]
[EventType "swiss"]
[EventDate "2011.06.11"]

1. d4 d5 2. c4 c6 3. Nf3 Nf6 4. Nc3 dxc4 5. a4 Bf5 6. e3 e6 7. Bxc4 Bb4 8. O-O
O-O 9. Qe2 Bg4 10. h3 Bh5 11. Rd1 Nbd7 12. e4 Qe7 13. e5 Nd5 14. Nxd5 cxd5 15.
Bd3 Rac8 16. Qe3 a6 17. Bd2 Bxd2 18. Rxd2 Rc6 19. Rc2 Rfc8 20. Rac1 Nb8 21. Ne1
Qb4 22. b3 Bg6 23. Bxg6 hxg6 24. Rxc6 Rxc6 25. Rxc6 Nxc6 26. Nc2 Qa5 27. Kf1 b5
28. axb5 axb5 29. Ke2 Qa2 30. Kd2 Na5 31. Qg5 Nc6 32. Qe3 b4 33. Qd3 Na5 34.
Ke3 Qb1 35. Ke2 Nxb3 36. Qd1 Qxc2+ 0-1

[Event "DEM U18 2011"]
[Site "Oberhof GER"]
[Date "2011.06.12"]
[Round "2"]
[White "Kartsev, Alexandr"]
[Black "Graf, Felix"]
[Result "0-1"]
[Termination "normal"]
[Board "4"]
[WhiteElo "2184"]
[BlackElo "2318"]
[PlyCount "68"]
[WhiteFideId "24647110"]
[BlackFideId "24608904"]
[EventCountry "GER"]
[EventRounds "9"]
[EventType "swiss"]
[EventDate "2011.06.11"]

1. e4 e6 2. d4 d5 3. e5 c5 4. c3 Nc6 5. Nf3 Bd7 6. Be2 Nge7 7. Na3 Nf5 8. Nc2
cxd4 9. cxd4 Qb6 10. O-O Rc8 11. g4 Nfe7 12. Bd2 h5 13. h3 Na5 14. b3 Bb5 15.
Rc1 Nac6 16. Bxb5 Qxb5 17. Nfe1 hxg4 18. Qxg4 Nf5 19. Ng2 Be7 20. Rfd1 Qa6 21.
a3 Qd3 22. b4 Qxh3 23. Qxh3 Rxh3 24. Be3 g5 25. Nce1 Kd7 26. Kf1 Rh1+ 27. Ke2
Ncxd4+ 28. Kd3 Rxc1 29. Rxc1 Nc6 30. f4 a6 31. fxg5 Nxe5+ 32. Ke2 Nxe3 33. Nxe3
Bxg5 34. Rd1 Bxe3 0-1

[Event "DEM U18 2011"]
[Site "Oberhof GER"]
[Date "2011.06.12"]
[Round "2"]
[White "Donchenko, Alexander"]
[Black "Kugler, Florian"]
[Result "1-0"]
[Termination "normal"]
[Board "5"]
[WhiteElo "2239"]
[BlackElo "2210"]
[PlyCount "89"]
[WhiteFideId "24603295"]
[BlackFideId "4633300"]
[EventCountry "GER"]
[EventRounds "9"]
[EventType "swiss"]
[EventDate "2011.06.11"]

1. Nf3 Nf6 2. c4 g6 3. Nc3 d5 4. cxd5 Nxd5 5. e4 Nxc3 6. dxc3 Qxd1+ 7. Kxd1 Bg7
8. Be3 Nc6 9. Nd2 b6 10. Kc2 Bb7 11. Be2 h5 12. f3 e6 13. a4 a5 14. Rad1 Ke7
15. Rhf1 Bh6 16. Bf2 Rad8 17. Bh4+ f6 18. Bb5 Bf4 19. h3 g5 20. Bf2 h4 21. Nb3
Na7 22. Nxa5 Nxb5 23. Nxb7 Rxd1 24. Rxd1 Rb8 25. axb5 Rxb7 26. b4 Rb8 27. c4
Be5 28. Kb3 Ke8 29. Rd2 Bf4 30. Ra2 Be5 31. Kc2 Kf7 32. Be3 Ke8 33. Ra6 Kf7 34.
Ra7 Ke8 35. Bd2 Bd6 36. Bc3 e5 37. Bd2 Kd8 38. Kb3 Kc8 39. Be3 Bf8 40. Ka4 Rb7
41. Ra6 Be7 42. c5 Bf8 43. Ra8+ Rb8 44. Rxb8+ Kxb8 45. c6 1-0

[Event "DEM U18 2011"]
[Site "Oberhof GER"]
[Date "2011.06.12"]
[Round "2"]
[White "Berchtenbreiter, Maximilian"]
[Black "Petermann, Michail"]
[Result "1/2-1/2"]
[Termination "normal"]
[Board "6"]
[WhiteElo "2284"]
[BlackElo "2134"]
[PlyCount "79"]
[WhiteFideId "24641120"]
[BlackFideId "24643530"]
[EventCountry "GER"]
[EventRounds "9"]
[EventType "swiss"]
[EventDate "2011.06.11"]

1. e4 e5 2. Nf3 Nc6 3. Bc4 Bc5 4. c3 Nf6 5. d3 a6 6. Bb3 Ba7 7. Qe2 O-O 8. Bg5
d6 9. Nbd2 Ne7 10. Nh4 Kh8 11. Bxf6 gxf6 12. Qf3 Nc6 13. Nf5 Be6 14. Rg1 Ne7
15. Nh6 Ng8 16. Ng4 c6 17. Rf1 b5 18. Ne3 Qd7 19. g4 Rad8 20. Nf5 d5 21. Bc2
dxe4 22. Nxe4 Bxf5 23. gxf5 Ne7 24. Ng3 b4 25. Qh5 bxc3 26. bxc3 Nd5 27. Qh6
Qe7 28. Ne4 Rg8 29. Rd1 Bb6 30. Ke2 Rg7 31. Rg1 Rdg8 32. Rxg7 Rxg7 33. Bb3 Qd7
34. Bxd5 cxd5 35. Qxf6 dxe4 36. Qxb6 Qxf5 37. Qe3 Rg4 38. d4 exd4 39. Qxd4+ Kg8
40. Qd8+ 1/2-1/2

[Event "DEM U18 2011"]
[Site "Oberhof GER"]
[Date "2011.06.12"]
[Round "2"]
[White "Günnigmann, Manuel"]
[Black "Frischmann, Rick"]
[Result "0-1"]
[Termination "normal"]
[Board "7"]
[WhiteElo "2205"]
[BlackElo "1936"]
[PlyCount "164"]
[WhiteFideId "24640360"]
[BlackFideId "24660752"]
[EventCountry "GER"]
[EventRounds "9"]
[EventType "swiss"]
[EventDate "2011.06.11"]

1. e4 c5 2. Nf3 e6 3. d4 cxd4 4. Nxd4 a6 5. Nc3 Qc7 6. Bd3 Nf6 7. O-O d6 8. Qe2
g6 9. Bd2 Bg7 10. Rae1 Nbd7 11. Kh1 e5 12. Nb3 O-O 13. f4 b5 14. f5 Bb7 15. Bg5
Rac8 16. Qf2 b4 17. Nd1 d5 18. exd5 Nxd5 19. Qh4 N7f6 20. fxg6 fxg6 21. Nf2 Nf4
22. Bxf4 exf4 23. Nd2 Nd5 24. Nc4 Rce8 25. Ne4 Ne3 26. Nxe3 Bxe4 27. Bxe4 Rxe4
28. Nd5 Rxe1 29. Qxe1 Qxc2 30. Nxb4 Qxb2 31. Nd5 Qe5 32. Qxe5 Bxe5 33. Re1 Bd6
34. Kg1 Rd8 35. Kf1 Kf7 36. Rb1 Ke6 37. Nc3 Rc8 38. Ne4 Be5 39. a4 Kf5 40. Nd2
Rc2 41. Nf3 Ra2 42. Rb4 g5 43. h3 h5 44. Rc4 g4 45. hxg4+ hxg4 46. Nxe5 Kxe5
47. Rb4 Rd2 48. Rb6 Rd6 49. Rb8 Ke4 50. Re8+ Kd3 51. Kf2 Kc4 52. a5 Rd4 53. Rg8
Rd2+ 54. Kf1 g3 55. Rf8 Rf2+ 56. Kg1 Kb5 57. Rf5+ Kb4 58. Re5 Rc2 59. Kf1 Rc1+
60. Ke2 Rb1 61. Kf3 Rf1+ 62. Kg4 Rf2 63. Rh5 Rxg2 64. Kxf4 Ra2 65. Kxg3 Rxa5
66. Rh4+ Kb3 67. Kf2 Re5 68. Rh3+ Kb2 69. Rh6 a5 70. Ra6 Kb3 71. Rb6+ Ka3 72.
Kf3 a4 73. Kf4 Re1 74. Ra6 Kb3 75. Rb6+ Ka2 76. Kf3 Rb1 77. Ra6 Rb3+ 78. Ke2 a3
79. Kd2 Kb2 80. Rc6 a2 81. Rc2+ Ka3 82. Rc1 Rb1 0-1

[Event "DEM U18 2011"]
[Site "Oberhof GER"]
[Date "2011.06.12"]
[Round "2"]
[White "Jäger, Tobias"]
[Black "Kahleys, Kevin"]
[Result "1/2-1/2"]
[Termination "normal"]
[Board "8"]
[WhiteElo "2059"]
[BlackElo "2148"]
[PlyCount "48"]
[WhiteFideId "12902691"]
[BlackFideId "24669601"]
[EventCountry "GER"]
[EventRounds "9"]
[EventType "swiss"]
[EventDate "2011.06.11"]

1. d4 d5 2. c4 c6 3. Nf3 e6 4. Nc3 dxc4 5. a4 Bb4 6. e3 b5 7. Bd2 a5 8. axb5
Bxc3 9. Bxc3 cxb5 10. b3 Bb7 11. bxc4 b4 12. Bb2 Nf6 13. Bd3 O-O 14. O-O Ne4
15. Nd2 Nxd2 16. Qxd2 f5 17. Qc2 Qg5 18. e4 Nd7 19. f4 Qg6 20. d5 Nc5 21. exf5
exf5 22. Bd4 b3 23. Qc3 Nxd3 24. Qxd3 a4 1/2-1/2

[Event "DEM U18 2011"]
[Site "Oberhof GER"]
[Date "2011.06.12"]
[Round "2"]
[White "Marx, Joschka"]
[Black "Raum, Sebastian"]
[Result "1-0"]
[Termination "normal"]
[Board "9"]
[WhiteElo "2035"]
[BlackElo "2076"]
[PlyCount "43"]
[WhiteFideId "24645869"]
[BlackFideId "24673935"]
[EventCountry "GER"]
[EventRounds "9"]
[EventType "swiss"]
[EventDate "2011.06.11"]

1. e4 c5 2. Nf3 d6 3. d3 Nc6 4. Nbd2 g6 5. g3 Bg7 6. Bg2 Nf6 7. O-O O-O 8. h3
e5 9. a4 Re8 10. Re1 h6 11. Nc4 Be6 12. b3 d5 13. exd5 Bxd5 14. Bb2 e4 15. dxe4
Bxe4 16. Re2 Qc7 17. Qd6 Rac8 18. Bxf6 Qxd6 19. Nxd6 Bxf6 20. Nxe8 Bxa1 21.
Rxe4 Rd8 22. Nc7 1-0